Les potiers d'Etrurie et leur monde : Contacts, échanges, transferts (notice n° 1568070)
[ vue normale ]
| 000 -LEADER | |
|---|---|
| fixed length control field | 01793cam a2200145 4500500 |
| 005 - DATE AND TIME OF LATEST TRANSACTION | |
| control field | 20251214003942.0 |
| 041 ## - LANGUAGE CODE | |
| Language code of text/sound track or separate title | fre |
| 042 ## - AUTHENTICATION CODE | |
| Authentication code | dc |
| 100 10 - MAIN ENTRY--PERSONAL NAME | |
| Personal name | Ambrosini, Laura |
| Relator term | author |
| 245 00 - TITLE STATEMENT | |
| Title | Les potiers d'Etrurie et leur monde : Contacts, échanges, transferts |
| 260 ## - PUBLICATION, DISTRIBUTION, ETC. | |
| Name of publisher, distributor, etc. | Armand Colin,<br/> |
| Date of publication, distribution, etc. | 2014.<br/> |
| 520 ## - SUMMARY, ETC. | |
| Summary, etc. | Plus que toute autre catégorie d’objets, la céramique, du fait de son abondance et de sa diversité, permet d’approcher au plus près les processus de contacts, d’échanges et de transferts à l’œuvre dans les sociétés de la Méditerranée antique. Cet ouvrage témoigne d’une exploration minutieuse de la céramique envisagée dans la longue durée – entre le VIIIe et le IIe siècle av. J.C. –, principalement au travers de l’étude de ses typologies et de ses décors, dans le cadre spécifique de la société étrusque. Il permet de démonter les mécanismes du rapport complexe entre productions locales et importations originaires de Grèce ou du monde phénico-punique ; il nous éclaire également sur la circulation des pratiques et des idées qu’impliquent la diffusion des différentes classes de céramiques, leur émergence et leur déclin. Trente-huit auteurs, parmi les meilleurs spécialistes de ces questions, offrent ici des études approfondies, dont la mise en résonance permet de mesurer la richesse de cette approche et de mieux saisir une société largement construite sur la mixité et le métissage. L’ouvrage est dédié à Mario A. Del Chiaro, pionnier des études de céramique étrusque, et passeur d’idées entre le nouveau et l’ancien monde. |
| 700 10 - ADDED ENTRY--PERSONAL NAME | |
| Personal name | Jolivet, Vincent |
| Relator term | author |
| 856 41 - ELECTRONIC LOCATION AND ACCESS | |
| Uniform Resource Identifier | <a href="https://shs.cairn.info/les-potiers-d-etrurie-et-leur-monde--9782200287696?lang=fr&redirect-ssocas=7080">https://shs.cairn.info/les-potiers-d-etrurie-et-leur-monde--9782200287696?lang=fr&redirect-ssocas=7080</a> |
Pas d'exemplaire disponible.




Réseaux sociaux